000 00603cab a2200241 4500
001 X3210
008 090401t1996 xxu||||| |||| 00| 0 eng d
035 _a(Sirsi) u29210
041 _aeng
245 _aRural crime on the increase
260 _c1996
350 _a0
490 _aCSM (Chartered Surveyor Monthly)
_v5(4) January 1996, 14(1)
520 _aSummarises findings by the NFU on rural crime.
650 _aARSON
650 _aBURGLARY
650 _aFLY TIPPING
650 _aRURAL CRIME
650 _aVANDALISM
690 _aRURAL PRACTICE
942 _n0
948 _c04/03/1997
999 _c19666
_d19666